000 00915nac a22002537a 4500
001 BR8403393
003 BR-BrBNA
005 20240105120048.0
008 230509b bl.|||m| |||| 00| 0 por d
040 _aBR-BrBNA
_bpor
_cBiblioteca Nacional de Agricultura
072 _aL00; L72
090 _a7100 BR8403393
110 1 _aEmpresa Brasileira de Assistencia Tecnica e Extensao Rural, Brasilia, DF (Brasil)
245 1 _aAbelhas; protecao das colmeias contra cupins, formigas e outros predadores
_bTecnica para producao animal
260 3 _aBrasilia, DF (Brasil):
_c1984.
300 _a2 p.
490 _aFichario de Tecnologias Adaptadas - Empresa Brasileira de Assistencia Tecnica e Extensao Rural (Brazil)
_vv. 18(423)
_x
650 _aABELHA
650 _aCOLMEIA
650 _aPREDADOR
650 _aTECNOLOGIA APROPRIADA
909 _a202312
_bLúcia Elande
_c55
_dLúcia Elande
942 _2AGRIS
_n0
_cMS
999 _c277769
_d277769